| 000 | 00450cam a2200145 4500500 | ||
|---|---|---|---|
| 005 | 20260111093315.0 | ||
| 041 | _afre | ||
| 042 | _adc | ||
| 100 | 1 | 0 |
_aBittinger, Nathalie _eauthor |
| 245 | 0 | 0 | _aChanter les martyrs en Chine et à Taïwan |
| 260 | _c2017. | ||
| 500 | _a53 | ||
| 786 | 0 | _nEsprit | Octobre | 10 | 2017-09-27 | p. 73-80 | 0014-0759 | |
| 856 | 4 | 1 | _uhttps://shs.cairn.info/revue-esprit-2017-10-page-73?lang=fr&redirect-ssocas=7080 |
| 999 |
_c1625998 _d1625998 |
||